000 00350nam a2200157Ia 4500
003 OSt
005 20240219103356.0
008 170524s9999 xx 000 0 und d
020 _a978-1260512021
040 _cIIMT UNIVERSITY
100 _aCRAWFORD MERLE
100 _c2011
245 0 _aNEW PRODUCTS MANAGEMENT
260 _aTMH
942 _2ddc
_c02
999 _c2915
_d2915